10 najludniejszych miast w Brazylii - Statystyki

Ogólne statystyki
  • Ten quiz został rozwiązany 20 razy
  • Średni wynik to 6 z 10
Statystyki odpowiedzi
Miejsce Populacja Miasto % Poprawnych
2 6 211 423 Rio de Janeiro
100%
3 2 817 068 Brasilia
95%
1 11 451 245 Sao Paulo
95%
7 2 063 547 Manaus
60%
6 2 315 560 Belo Horizonte
55%
8 1 773 733 Kurytyba
50%
9 1 488 920 Recife
45%
5 2 418 005 Salvador
45%
4 2 428 678 Fortaleza
35%
10 1 437 237 Goiania
10%
Nie znaleziono quizów pasujących do podanych kryteriów
Rozkład punktacji
Procent ludzi z każdym wynikiem
Percentyl według liczby udzielonych odpowiedzi
Twoja historia wyników
Nie rozwiązałeś tego quizu